Hoenn Region Pokemon (Sudden Death) - Statistics

General Stats
  • This quiz has been taken 172 times
  • The average score is 13 of 18
Answers on the Grid
Answers color-coded by a green-red scale on the quiz's grid according to % correct below.
Wobbuffet
Latias
Taillow
Ledian
Garchomp
Marshadow
Sylveon
Arctovish
Snorlax
Roselia
Aggron
Furret
Mudkip
Seaking
Kyogre
Goomy
Whimsicott
Spheal
Cacnea
Urshifu
Grovyle
Mightyena
Camerupt
Linoone
Shelgon
Pelipper
Regice
Regieleki
Veluza
Mawile
Rayquaza
Jirachi
 
Answer Stats
Answer % Correct
Kyogre
77%
Mudkip
77%
Aggron
76%
Latias
76%
Rayquaza
76%
Grovyle
75%
Mawile
73%
Roselia
73%
Mightyena
72%
Shelgon
72%
Camerupt
71%
Jirachi
71%
Taillow
71%
Linoone
69%
Regice
69%
Pelipper
68%
Spheal
66%
Cacnea
65%
No matching quizzes found
Score Distribution
Percent of People with Each Score
Percentile by Number Answered
Your Score History
You have not taken this quiz